Quiz Fc Szczecin - Statystyki

Ogólne statystyki
  • Ten quiz został rozwiązany 45 razy
  • Średni wynik to 3 z 6
Statystyki odpowiedzi
Hint Odpowiedź % Poprawnych
Zawodnicy 12
100%
Ranking 1 miejsce
50%
Wróg Niepokonani 2.0
50%
Miejsce Sp35 szczecin
50%
Wyniki z meczów 1:4,0:1
33%
Data powstania 27.09.2023
17%
Nie znaleziono quizów pasujących do podanych kryteriów
Rozkład punktacji
Procent ludzi z każdym wynikiem
Percentyl według liczby udzielonych odpowiedzi
Twoja historia wyników
Nie rozwiązałeś tego quizu